00390nam a2200145Ia 450000500170000000800410001702000150005808200130007310000140008624500530010026000530015330000120020665000140021865000120023220240605053810.0240331s9999 xx 000 0 und d a0761995471 bCLAa370 aClarke, P 0aTeaching and learning :bthe culture of pedagogy aNew DelhibSage Publications India Pvt Ltdc2001 a223 p., aEducation aCulture